Význam ľudského kapitálu v produkcii služieb

Význam ľudského kapitálu v podnikaní. Podpora zvyšovania kvalifikovanosti pracovných síl v službách vo vyspelých krajinách. Výsledky prieskumu realizovaného Katedrou služieb a cestovného ruchu OF EU Bratislava - Podnikové a sociálne služby.

Saved in:
Bibliographic Details
Main Author: Kubičková, Viera, 1970-
Format: Book Chapter
Language:Slovak
Subjects:
Tags: Add Tag
No Tags, Be the first to tag this record!

MARC

LEADER 00000naa$a2200000$$$4500
001 0010043
005 20221207122440.1
041 0 |a slo 
044 |a SK 
245 1 0 |a Význam ľudského kapitálu v produkcii služieb  |c Viera Kubičková 
520 |a Význam ľudského kapitálu v podnikaní. Podpora zvyšovania kvalifikovanosti pracovných síl v službách vo vyspelých krajinách. Výsledky prieskumu realizovaného Katedrou služieb a cestovného ruchu OF EU Bratislava - Podnikové a sociálne služby. 
610 2 0 |a kapitál ľudský 
610 2 0 |a činiteľ ľudský 
610 2 0 |a kvalifikácia 
610 2 0 |a vzdelávanie 
610 2 0 |a miesta pracovné 
610 2 0 |a sektor terciárny 
610 2 0 |a služby sociálne 
610 2 0 |a podnik 
100 1 |a Kubičková, Viera, 1970-